| 000 | 00000nam 2200000za 4500 |
| 001 | 9.640419 |
| 003 | CaOODSP |
| 005 | 20220512134715 |
| 007 | cr ||||||||||| |
| 008 | 150407|2008||||xxc|||||o f|0| 0 fre d |
| 040 | |aCaOODSP|bfre |
| 043 | |an-cn--- |
| 086 | 1 |aH114-15/1-2008F-PDF |
| 110 | 1 |aCanada. |bSanté Canada. |
| 245 | 10|aProblèmes typiques d'une pelouse : |h[ressource électronique]|bfiche de renseignements |
| 260 | |aOttawa - Ontario : |bSanté Canada |cc2008. |
| 300 | |a12p.|bphotographies |
| 500 | |aLe n° de catalogue (H114-15/1-2008) et l'ISBN (978-0-662-05759-8) de l'édition imprimée bilingue ont été incorrectement copiés dans la publication électronique. |
| 590 | |a12-26-Supp|b2012-06-07 |
| 691 | 07|aOrganisme nuisible|2gcpds |
| 775 | 08|tCommon lawn problems : |w(CaOODSP)9.696300 |
| 795 | |tLes problèmes typiques d'une pelouse : |w(CaOODSP)9.641826 |
| 856 | 40|ahttp://publications.gc.ca|qPDF|s483 Ko|uhttps://publications.gc.ca/collections/collection_2012/sc-hc/H114-15-1-2008-fra.pdf |